000 01082nam a2200325 i 4500
001 105894
003 ES-MaACL
007 t|
008 060908s1978 sp ||||1| spa d
020 _a84-7367-071-X
080 _a947"1917/21"
080 _a32(47)"1922"
080 _a330.84/.86(4-11)
100 1 _aBensaïd, Daniel.
_927772
245 1 0 _aRevolución socialista y contrarrevolución burocrática /
_cDaniel Bensaïd ; [traducción, Edmundo Espina].
250 _a1ª ed.
260 _aBarcelona :
_bFontamara,
_c1978.
300 _a95 p. ;
_c18 cm.
490 1 _aAportes ;
_v8
500 _aBiblioteca Juan Andrade.
505 8 _aApéndice de León Trotsky: ¿Un estado obrero y no burgués?
650 1 4 _aSocialismo-
_zEuropa oriental.
_917160
651 4 _aRusia-
_xHistoria-
_y1917-1921, Revolución.
_99336
651 4 _aURSS-
_xHistoria-
_y1922-1936.
_99471
700 1 _aEspina, Edmundo.
_947835
700 1 _aTrotsky, Leon,
_d1879-1940
_9240350
830 0 _aAportes ;
_v8
_9185117
852 _aES-MaACL
_jAND-918
_bR.110206
999 _c105894
_d105894